000 00366 a2200157 4500
001 18100
020 _a9788579051586
040 _cAnchieta - Bela Vista
100 _aGuedes, Hardy
240 1 0 _aTição, o Saci camisa doze
_lpor
245 1 0 _aTição, o Saci camisa doze
300 _a24
362 0 _a2009
650 4 _aLiteratura infanto-juvenil
942 _cBK
999 _c18100
_d18100